000 00630nam a2200169Ia 4500
008 081213s9999 xx 000 0 und d
050 _aBL80
_b.B76 1926
082 _a290.01
_bBRO
100 _aBrowne, Lewis.
245 _aThis believing world:
_ba simple account of the great religions of mankind.
_cLewis Browne.
260 _c1930
_aNew York.
_bMacmillan Company.
300 _a347p.
_c21cm.
500 _aIncludes bibliography and index.
650 _aReligions.
942 _cBK
_2lcc
999 _c22080
_d22080